Fast typing 1 to 500 - Statistics

General Stats
  • This quiz has been taken 65 times
  • The average score is 149 of 500
Answer Stats
Answer % Correct
1
100%
10
95%
2
95%
3
95%
5
95%
4
93%
6
93%
7
93%
8
93%
9
93%
11
90%
12
88%
13
88%
15
88%
18
88%
14
85%
16
85%
17
85%
19
83%
21
83%
22
83%
23
83%
24
83%
25
83%
26
83%
20
80%
27
80%
28
80%
29
80%
31
80%
32
80%
41
80%
50
80%
52
80%
33
78%
34
78%
39
78%
40
78%
42
78%
43
78%
46
78%
47
78%
48
78%
51
78%
53
78%
55
78%
61
78%
63
78%
30
76%
35
76%
36
76%
38
76%
44
76%
45
76%
49
76%
54
76%
56
76%
58
76%
73
76%
37
73%
57
73%
59
73%
60
73%
62
73%
64
73%
65
73%
71
73%
72
73%
74
73%
75
73%
76
73%
78
73%
92
73%
100
71%
66
71%
67
71%
68
71%
69
71%
77
71%
83
71%
85
71%
87
71%
70
68%
81
68%
84
68%
90
68%
93
68%
94
68%
95
68%
98
68%
79
66%
82
66%
86
66%
89
66%
91
66%
96
66%
97
66%
99
66%
80
63%
88
63%
101
61%
102
59%
103
59%
111
59%
112
59%
120
59%
104
56%
105
56%
106
56%
107
56%
108
56%
109
56%
110
56%
113
56%
114
56%
115
56%
116
56%
117
56%
118
56%
119
56%
121
56%
122
56%
123
56%
124
56%
125
56%
126
56%
127
56%
128
56%
129
56%
131
56%
130
54%
132
51%
133
51%
134
51%
135
51%
136
51%
138
49%
139
49%
140
49%
141
49%
137
46%
142
46%
143
44%
144
44%
145
44%
146
44%
147
44%
148
44%
150
44%
151
44%
149
41%
152
41%
153
41%
154
41%
156
41%
157
41%
158
41%
159
41%
155
39%
160
39%
161
39%
165
39%
166
39%
181
39%
200
39%
162
37%
163
37%
164
37%
167
37%
168
37%
169
37%
170
37%
176
37%
177
37%
178
37%
190
37%
191
37%
192
37%
193
37%
194
37%
195
37%
196
37%
197
37%
198
37%
199
37%
171
34%
172
34%
173
34%
174
34%
175
34%
179
34%
180
34%
182
34%
183
34%
184
34%
185
34%
186
34%
187
34%
188
34%
189
34%
201
32%
202
29%
203
27%
204
27%
205
27%
206
27%
207
27%
208
27%
209
27%
222
27%
210
24%
211
24%
212
24%
234
24%
250
24%
213
22%
215
22%
221
22%
223
22%
224
22%
225
22%
226
22%
227
22%
228
22%
229
22%
230
22%
232
22%
233
22%
241
22%
247
22%
252
22%
214
20%
216
20%
217
20%
218
20%
231
20%
235
20%
236
20%
237
20%
238
20%
239
20%
240
20%
242
20%
243
20%
244
20%
245
20%
246
20%
248
20%
249
20%
253
20%
300
20%
500
20%
219
17%
220
17%
251
17%
254
17%
333
17%
255
15%
265
15%
268
15%
282
15%
345
15%
256
12%
257
12%
258
12%
259
12%
260
12%
261
12%
262
12%
263
12%
264
12%
266
12%
267
12%
269
12%
270
12%
271
12%
272
12%
273
12%
274
12%
275
12%
276
12%
277
12%
278
12%
279
12%
280
12%
281
12%
283
12%
284
12%
321
12%
334
12%
335
12%
336
12%
337
12%
338
12%
339
12%
346
12%
349
12%
350
12%
400
12%
285
10%
286
10%
287
10%
299
10%
301
10%
312
10%
324
10%
331
10%
332
10%
340
10%
341
10%
342
10%
343
10%
347
10%
348
10%
354
10%
364
10%
444
10%
445
10%
288
7%
289
7%
290
7%
291
7%
292
7%
293
7%
294
7%
295
7%
296
7%
297
7%
298
7%
302
7%
303
7%
304
7%
310
7%
314
7%
323
7%
328
7%
329
7%
344
7%
351
7%
352
7%
353
7%
355
7%
356
7%
357
7%
358
7%
359
7%
360
7%
361
7%
362
7%
363
7%
365
7%
391
7%
394
7%
450
7%
470
7%
476
7%
480
7%
490
7%
492
7%
494
7%
499
7%
305
5%
306
5%
307
5%
308
5%
309
5%
311
5%
313
5%
315
5%
316
5%
317
5%
318
5%
319
5%
320
5%
322
5%
325
5%
326
5%
327
5%
330
5%
366
5%
367
5%
368
5%
369
5%
370
5%
371
5%
372
5%
373
5%
374
5%
375
5%
376
5%
377
5%
378
5%
379
5%
380
5%
381
5%
382
5%
383
5%
384
5%
385
5%
386
5%
387
5%
388
5%
389
5%
390
5%
414
5%
423
5%
441
5%
442
5%
443
5%
446
5%
447
5%
448
5%
449
5%
471
5%
472
5%
473
5%
474
5%
475
5%
477
5%
478
5%
479
5%
481
5%
482
5%
483
5%
484
5%
485
5%
486
5%
487
5%
488
5%
489
5%
491
5%
493
5%
495
5%
496
5%
497
5%
498
5%
392
2%
393
2%
395
2%
396
2%
399
2%
401
2%
406
2%
412
2%
415
2%
419
2%
420
2%
421
2%
422
2%
434
2%
452
2%
464
2%
467
2%
397
0%
398
0%
402
0%
403
0%
404
0%
405
0%
407
0%
408
0%
409
0%
410
0%
411
0%
413
0%
416
0%
417
0%
418
0%
424
0%
425
0%
426
0%
427
0%
428
0%
429
0%
430
0%
431
0%
432
0%
433
0%
435
0%
436
0%
437
0%
438
0%
439
0%
440
0%
451
0%
453
0%
454
0%
455
0%
456
0%
457
0%
458
0%
459
0%
460
0%
461
0%
462
0%
463
0%
465
0%
466
0%
468
0%
469
0%
No matching quizzes found
Score Distribution
Percent of People with Each Score
Percentile by Number Answered
Your Score History
You have not taken this quiz